000 01414nam0a2200313 4500
001 RU\NLR\bibl\1054987
005 20260419030342.0
021 _aRU
_b2007-1024
_944
035 _a(NLR Aleph) 001042283
090 _a826252
_c826252
100 _a20070306d2006 |||y0rusy50 ca
101 0 _arus
_aeng
102 _aRU
105 _ay |||||||||
200 1 _aRead and discuss "Airport" by Arthur Hailey
_eучебно-методическое пособие
_eдля студентов экологического факультета
_e[для изучающих английский язык]
_fМ.И. Зыкова
210 _aМосква
_cИзд-во Российского университета дружбы народов
_d2006
215 _a28 с.
_d21
320 _aБиблиогр.: с. 28 (2 назв.)
500 _8eng
_aAirport
_7ba
_3RU\NLR\auth\559738
_92631739
606 1 _aАнглийский язык
_xУчебные издания для экологов
_92396261
_3RU\NLR\auth\661428683
686 _aШ143.21-93рус328.5
700 1 _4070
_8rus
_7ca
_aЗыкова
_bМ. И.
_gМарина Игоревна
_3RU\NLR\auth\7750073
_933008
702 1 _4570
_8eng
_7ba
_aHailey
_bА.
_f1920-2004
_gArthur
_3RU\NLR\AUTH\7751519
_934452
801 0 _aRU
_bNLR
_c20070306
_gRCR
801 1 _aRU
_bNLR
_c20070306
830 _aАвт. по кн.
942 _cBOOK
980 _aNB